6-Letter Country 'Blitz' Quiz Stats

Quiz Updated Jul 19, 2016

Also try: Country per Letter
Challenge
Share
Tweet
Embed
Score 0/5 Timer 00:30
19 Plays Today
Letter Six Letter Country % Correct
ZZambia
81.5%
BBelize, Bhutan, Brunei & Brazil
80.7%
TTuvalu, Turkey & Taiwan
63.5%
LLatvia
60.5%
IIsrael
47.3%

You're not logged in!

Compare scores with friends on all Sporcle quizzes.
Sign Up with Email
OR
Log In

You Might Also Like...

Show Comments

Extras

Top Quizzes Today


Score Distribution

Your Account Isn't Verified!

In order to create a playlist on Sporcle, you need to verify the email address you used during registration. Go to your Sporcle Settings to finish the process.